000 00662nas a2200253 4500
001 BR9207387
003 BR-BrBNA
005 20231205095023.0
007 ta
008 230509b bl.|||p| |||| 00| 00por d
040 _aBR-BrBNA
_bpor
_cBiblioteca Nacional de Agricultura
041 _a(Pt)
072 _aL10
100 1 _aAnon.
245 1 _aA vida dentro do ovo
650 _aReproducao Animal
650 _aFrango
650 _aOvo
650 _aFecundacao
650 _aEclosao
773 0 _tAves e Ovos. Relatorio Mensal (Brazil)
_x
_g(Jul 1991), v. 7(9) p. 26-32
_wBR9207387
909 _a202311
_bLúcia
_c55
_dLúcia Elande
942 _2AGRIS
_n0
_cANA
999 _c148297
_d148297